LEADER 02668oas 22010573a 450 001 9910134722503321 005 20260203110031.0 011 $a1532-0065 035 $a(OCoLC)45113493 035 $a(CONSER) 00213660 035 $a(CKB)110998584178032 035 $a(DE-599)2072466-4 035 $a(EXLCZ)99110998584178032 100 $a20001003b20012011 uy a 101 0 $aeng 135 $aur||||||||||| 181 $ctxt$2rdacontent 182 $cc$2rdamedia 183 $acr$2rdacarrier 200 10$aSkull base 210 $aNew York, NY ;$aStuttgart $cThieme Medical Publishers$d[2001]-2011 215 $a1 online resource 300 $aRefereed/Peer-reviewed 300 $aAn interdisciplinary approach. 311 08$a1531-5010 531 0 $aSkull base 606 $aSkull base$vPeriodicals 606 $aSkull$xSurgery$vPeriodicals 606 $aHead$xSurgery$vPeriodicals 606 $aNeurosurgical Procedures$xmethods 606 $aSkull Base$xpathology 606 $aSkull Base$xsurgery 606 $aHead$xSurgery$2fast$3(OCoLC)fst00952605 606 $aSkull base$2fast$3(OCoLC)fst01120249 606 $aSkull$xSurgery$2fast$3(OCoLC)fst01120243 608 $aPeriodical. 608 $aPeriodicals.$2fast 608 $aPeriodicals.$2lcgft 615 0$aSkull base 615 0$aSkull$xSurgery 615 0$aHead$xSurgery 615 12$aNeurosurgical Procedures$xmethods. 615 12$aSkull Base$xpathology. 615 12$aSkull Base$xsurgery. 615 7$aHead$xSurgery. 615 7$aSkull base. 615 7$aSkull$xSurgery. 676 $a616 712 02$aNorth American Skull Base Society, 712 02$aEuropean Skull Base Society, 712 02$aGerman Skull Base Society, 712 02$aJapanese Society for Skull Base Surgery, 712 02$aKorean Skull Base Society, 801 0$bNSD 801 1$bNSD 801 2$bOCLCQ 801 2$bNSD 801 2$bMYG 801 2$bOCLCQ 801 2$bMYG 801 2$bCUS 801 2$bPIT 801 2$bCUS 801 2$bKSU 801 2$bOCLCQ 801 2$bDLC 801 2$bOCLCQ 801 2$bTXA 801 2$bOCLCF 801 2$bEUW 801 2$bOCLCQ 801 2$bOCLCO 801 2$bOCLCQ 801 2$bBUF 801 2$bAU@ 801 2$bOCLCO 801 2$bWYU 801 2$bVT2 801 2$bBWN 801 2$bOCLCQ 801 2$bOCLCO 801 2$bOCLCQ 801 2$bUBY 801 2$bUAB 801 2$bIUL 801 2$bOCLCL 801 2$bOCLCQ 906 $aJOURNAL 912 $a9910134722503321 996 $aSkull base$92056017 997 $aUNINA